00781nam a22002297a 450000100040000000500170000402000180002104000290003905000080006808200110007610000190008724500240010626000480013030000240017849000320020250500060023452002120024052100270045252100180047970000270049770000270052471720260410100318.0 a9780153013613 aFISKHbengcFISKHdFISKH aPZ7 a591.92 aFarr, Roger C. aThe deep blue sea / aOrlando :bHarcourt Brace & Company,c1993. a179 pages :c27 cm. aHBJ Treasury of Literature. aF a Part of a Treasury series. A collection of stories and the theme in this book is the sea and food. A wide variety that would engage younger readers with colorful pictures and questions about what they read. a350 bLexile estimate aFbRaz-Plus  aStrickland, Dorothy S. aStrickland, Dorothy S.